Doa-doa pilihan nabi

Bibliographic Details
Main Author: Muhammad Shariff
Format: Book
Published: Kuala Lumpur : Synergy Media , 20--
Series:Siri hidayah islam
Subjects:

MARC

LEADER 00000cam a2200000 7i4500
001 0000159412
005 20120717.0
020 |a 9789673220403 
090 0 0 |a 297.382   |b MUH 
100 0 |a Muhammad Shariff 
245 1 0 |a Doa-doa pilihan nabi   |c Muhammad Shariff 
260 |a Kuala Lumpur :   |b Synergy Media ,   |c 20-- 
300 |a 100p. ;   |c 22cm. 
490 0 |a Siri hidayah islam 
650 0 0 |a Doas (Islam) 
650 0 0 |a Islam   |x Customs and practices 
650 0 0 |a Worship (Islam) 
999 |a 00260812   |b BUKU   |c PINJAMAN   |e PERPUSTAKAAN KOMUNITI CAW KOTA DAMANSARA 
999 |a 00260813   |b BUKU   |c PINJAMAN   |e PERPUSTAKAAN KOMUNITI PETALING JAYA 
999 |a 00268562   |b BUKU   |c PINJAMAN   |e PERPUSTAKAAN KOMUNITI CAW TAMAN MEDAN